Statistics for Metalloid Elements

Click here to take the quiz!

General Stats

  • This quiz has been taken 19 times
  • The average score is 5 of 8

Answer Stats

No.SymbolsElements% Correct
14SiSilicon
92%
32GeGermanium
83%
5BBoron
75%
33AsArsenic
67%
85AtAstatine
67%
52TeTellurium
67%
51SbAntimony
58%
84PoPolonium
25%

Score Distribution

Percentile by Number Answered

Percent of People with Each Score

Your Score History

You have not taken this quiz